Logo BPK

Bibliografia Prac Pracowników

Politechniki Koszalińskiej

Themodynamical aspects of high-pressure water-ice jet surface treatment = Termodynamiczne aspekty obróbki powierzchni wysokociśnieniową strugą wodno-lodową / (Rekord nr 3902)

Szczegóły MARC
000 -ETYKIETA REKORDU
podpole kontrolne o stałej długości 01510nab a2200241 i 4500
001 - NUMER KONTROLNY REKORDU
podpole kontrolne BPP
003 - IDENTYFIKATOR NUMERU KONTROLNEGO REKORDU
podpole kontrolne BPK
005 - DATA OSTATNIEJ MODYFIKACJI REKORDU
podpole kontrolne 20190610114322.0
008 - POLE O STAŁEJ DŁUGOŚCI - DANE KONTROLNE
podpole kontrolne o stałej długości 150323s2004 pl n f |000 0eng
040 ## - ŹRÓDŁO KATALOGOWANIA
Instytucja, która utworzyła rekord BPK
041 ## - KOD JĘZYKA
Kod języka tekstu eng
044 ## - KOD KRAJU WYDAWCY/PRODUCENTA
Kod kraju wydawcy/producenta POL
080 ## - UNIWERSALNA KLASYFIKACJA DZIESIĘTNA - UKD
UKD 621.791/.795
100 ## - NAZWA OSOBOWA
Nazwa osobowa BORKOWSKI, Przemysław.
Lata pracy 1993 - 1996.
Instytucja Wyższa Szkoła Inżynierska w Koszalinie - Wydział Mechaniczny,
Wydział Katedra Inżynierii Mechanicznej
245 ## - TYTUŁ/ODPOWIEDZIALNOŚĆ
Tytuł Themodynamical aspects of high-pressure water-ice jet surface treatment = Termodynamiczne aspekty obróbki powierzchni wysokociśnieniową strugą wodno-lodową /
Pozostałe elementy strefy tytułu i oznaczenia odpowiedzialności Borkowski Przemysław.
260 ## - STREFA ADRESU WYDAWNICZEGO
Data publikacji, dystrybucji/powstania dokumentu 2004.
500 ## - UWAGI OGÓLNE
Tekst uwagi Dane z autopsji.
520 ## - UWAGA DOTYCZĄCA TREŚCI DOKUMENTU
Analiza dokumentacyjna, adnotacja itp. W pracy zaprezentowano teoretyczną analizę termodynamiczną kształtowania strugi wodno-lodowej. W rozważaniach przyjęto kulisy model ziarna lodu o różnej średnicy. Przeprowadzona analiza dotyczy głównie warunków transportu takiego "ścierniwa lodowego" do kriotryskacza oraz schładzania wysokociśnieniowej strugi wodnej w kriogenicznej instalacji technologicznej. Przeprowadzone rozważania i wyniki badań mają na celu ustalenie priorytetowych kierunków intensyfikujących erozyjność strugi, a tym samym zwiększenie wydajności narzędzia obróbkowego.
650 #0 - HASŁO PRZEDMIOTOWE W FORMIE NAZWY OGÓLNEJ LUB JEDNOSTKOWEJ
Nazwa ogólna lub geograficzna Obróbka wodno-ścierna.
650 #0 - HASŁO PRZEDMIOTOWE W FORMIE NAZWY OGÓLNEJ LUB JEDNOSTKOWEJ
Nazwa ogólna lub geograficzna Inżynieria powierzchni
773 ## - TYTUŁ DOKUMENTU MACIERZYSTEGO
Wyrażenie wprowadzające W :
Tytuł Advances in Manufacturing Science and Technology = Postępy Technologii Maszyn. -
Informacje dotyczące relacji Vol. 28, 2004, nr 2, s. 79-90
942 ## - HASŁO DODATKOWE - ELEMENTY(KOHA)
Typ dokumentu Artykuł
Schemat klasyfikacji Uniwersalna klasyfikacja dziesiętna
Egzemplarze
Wycofany Zagubiony Uszkodzony Dostępność Lokalizacja stała Lokalizacja bieżąca Sygnatura Typ dokumentu
      Dostępny Bibliografia Prac Pracowników - BPK Bibliografia Prac Pracowników - BPK 0953 Artykuł
© 2014 Biblioteka Politechniki Koszalińskiej :: BIBLIOGRAFIA PRAC PRACOWNIKÓW